000 00644nam a2200205Ia 4500
003 GCL
008 140319s9999 xx 000 0 ara d
040 _aGCL /
_cGCL
082 0 4 _a811.2
_bق ش
100 1 _aايهم عباس حمودى القيسى
245 1 0 _aشعر العقيدة فى عصر صدر الاسلام /
_cايهم عباس حمودى القيسى
260 _a[S.N] :
_bعالم الكتب الحديث ،
_c1986
300 _a390 ص
490 _a
650 0 4 _aالشعر العربى
650 0 4 _aالادب العربى
650 0 4 _aصدر الاسلام
650 0 4 _aتاريخ ونقد
942 _2ddc
_cBK
999 _c55060
_d55060